| 000 | 00877nam a2200313 a 4500 | ||
|---|---|---|---|
| 003 | AR-BaBNM | ||
| 005 | 20251128210344.0 | ||
| 008 | 082120s2002 ||||||||||||||000 | spa|| | ||
| 020 | _a84-7506-432-9 | ||
| 040 | _cAR-BaBNM | ||
| 100 | 1 | _aValera, Juan | |
| 245 | 0 | 0 |
_aObras completas de Juan Valera _bCuentos ; Narraciones inacabadas ; Traducciones ; Teatro _n1 ; |
| 260 |
_aMadrid _bTurner Libros _c1995 |
||
| 300 | _axxix, 995 p. | ||
| 490 | 0 |
_aBiblioteca Castro _vv. 40 |
|
| 650 | 4 | _aROMANTICISMO | |
| 650 | 4 | _aLITERATURA ESPAÑOLA | |
| 650 | 4 | _aSIGLO DIECINUEVE | |
| 650 | 4 | _aCOSTUMBRES Y TRADICIONES | |
| 650 | 4 | _aNACIONALISMO | |
| 650 | 4 | _aTEATRO | |
| 653 | _aCOSTUMBRISMO | ||
| 653 | _aNARRATIVA | ||
| 655 | _aLITERATURA | ||
| 700 | 1 |
_aAlmela, Margarita _eprologuista |
|
| 800 | 1 |
_aArroyo Stephens, Manuel _eeditor |
|
| 942 | _cBK | ||
| 998 | _cMARTIN | ||
| 999 |
_c15107 _d15107 |
||